000 00511nam a2200193Ia 4500
008 151121s9999||||xx |||||||||||||| ||und||
082 _a327।73/KIS
082 _bHNW-50208
100 _aKissinger Henry A।
245 4 _aThe Necessity For Choice
260 _b"Anchor Books Doubleday, Newyork"
260 _c--
300 _a387
600 _aKissinger Henry A।
630 _aThe Necessity For Choice
700 _aKissinger Henry A।
730 _aThe Necessity For Choice
942 _cBOOK
999 _c1235010
_d1235007